LEADER 01176nam a2200289 a 4500 001 000000130917 003 CaOOAMICUS 005 20121011102403.0 008 121011s1962 it u000 u ita r 040 $aPUL$bita 041 1 $aita$hger 100 1 $aBarth, Karl,$d1886-1968.$0(OLS)http://pul/name/5629 240 10$aRömerbrief.$lItaliano.$0(OLS)http://pul/title/26211 245 12$aL'Epistola ai Romani /$cKarl Barth ; a cura di Giovanni Miegge. 260 $aMilano :$bFeltrinelli,$c1962. 300 $axxxii, 527 p. ;$c20 cm 490 1 $aBiblioteca scientifica ;$v09 630 04$aBiblia.$pN.T.$pAd Romanos$xCommenti.$0(OLS)http://pul/subject/1766 700 1 $aMiegge, Giovanni,$d1900-1961.$0(OLS)http://pul/name/16376 830 0$aBiblioteca scientifica (Feltrinelli) ;$v09.$0(OLS)http://pul/title/165453 850 $aPUL 852 $aPUL$W1$xDP1 Fondo E. Rossi$y115$m1 B 33$j41703$qFondi$B150075$CPULBib$Z2$F150075 $82 941 1 $a1 961 $aSul dorso collocazione ms. di E. Rossi: B 27 1 996 $6245$aL'Epistola ai Romani$9(OLS)http://pul/title/26212 996 $6260$aMilano :$bFeltrinelli$9(OLS)http://pul/publisher/48846 LEADER 01259nam a2200313 a 4500 001 000000121917 003 CaOOAMICUS 005 20140908134106.0 008 100524s1986 it u000 u ita r 020 $a978-88-15-05633-7 040 $aPUL$bita$dReb 041 1 $aita$hger 082 04$a909 100 1 $aMolk, Ulrich.$0(OLS)http://pul/name/76400 240 10$aTrobadorlyrik : eine einfurung$lItaliano.$0(OLS)http://pul/title/153399 245 13$aLa lirica dei trovatori /$cUlrich Molk. 260 $aBologna :$bIl Mulino,$c©1986. 300 $a128 p. ;$c21 cm. 490 1 $aUniversale paperbacks Il Mulino ;$v310 504 $aBibliografia p. [113]-128. 650 4$aFilologia romanza.$0(OLS)http://pul/subject/6375 830 0$aUniversale paperbacks Il Mulino ;$v310.$0(OLS)http://pul/title/190 850 $aPUL 852 $aPUL$W1$xDP2 Filosofia 3$y112$m909 COLL 2.310$j139922$qDDC 21$B139112$CPULBib$Z2$F139112 $H113835 $82 941 1 $a9 996 $6020$a978-88-15-05633-7$9(OLS)http://pul/number/144350 996 $6082$a909$9(OLS)http://pul/classification/566 996 $6245$aLa lirica dei trovatori$9(OLS)http://pul/title/153398 996 $6260$aBologna :$bIl Mulino$9(OLS)http://pul/publisher/47928